000
00285 a2200097 4500
040
_a
DLC
_b
DLC
082
_a
808.042 DER
245
_a
On college Teachin : how to speak Disc 5,
_b
Derek Bok Centre Series
260
_a
Cambridge
_b
Progressive International
_c
2007
942
_c
CD
_k
808.042 DER
_2
ddc
999
_c
9690
_d
9690